[Event "Madras"]
[Site "Madras"]
[Date "1997.??.??"]
[Round "1"]
[White "Srikanth, G."]
[Black "Murali Krishnan, BT."]
[Result "1-0"]
[WhiteElo "2175"]
[BlackElo "2260"]
[PlyCount "51"]
[EventDate "1997.??.??"]
[EventType "tourn"]
[EventRounds "12"]
[EventCountry "IND"]
[SourceTitle "EXT 2000"]
[Source "ChessBase"]
[SourceDate "1999.11.16"]
[SourceVersion "1"]
[SourceVersionDate "1999.11.16"]
[SourceQuality "1"]

1. e4 e5 2. Nf3 d6 3. d4 Nf6 4. Nc3 Nbd7 5. Bc4 Be7 6. 0-0 c6 7. a4 0-0 8. dxe5 dxe5 9. Qe2 Qc7 10. Nh4 Nc5 11. h3 Ne6 12. Bxe6 Bxe6 13. Nf5 Bb4 14. Qf3 Ne8 15. Ne2 g6 16. Bh6 gxf5 17. exf5 Bd5 18. Qg4+ Kh8 19. Qxb4 Rg8 20. Ng3 c5 21. Qh4 Qc6 22. f3 Rxg3 23. Qxg3 Qxh6 24. Qxe5+ Nf6 25. Rad1 Bc6 26. Rd6 1-0

[Event "Madras"]
[Site "Madras"]
[Date "1997.??.??"]
[Round "5"]
[White "Srikanth, G."]
[Black "Shankar, A."]
[Result "1-0"]
[WhiteElo "2175"]
[BlackElo "2240"]
[PlyCount "43"]
[EventDate "1997.??.??"]
[EventType "tourn"]
[EventRounds "12"]
[EventCountry "IND"]
[SourceTitle "EXT 2000"]
[Source "ChessBase"]
[SourceDate "1999.11.16"]
[SourceVersion "1"]
[SourceVersionDate "1999.11.16"]
[SourceQuality "1"]

1. e4 c6 2. d4 d5 3. e5 Bf5 4. Nf3 e6 5. Be2 c5 6. c3 Nc6 7. a3 cxd4 8. cxd4 Be4 9. Be3 Nge7 10. 0-0 Nf5 11. Nc3 Be7 12. b4 Rc8 13. Rc1 Bxf3 14. Bxf3 Bg5 15. Qd3 0-0 16. Bg4 Ncxd4 17. f4 Nxe3 18. Qxe3 Qb6 19. Kh1 Be7 20. Nxd5 Rxc1 21. Nxe7+ Kh8 22. Rxc1 1-0

[Event "Goodricke op 04th"]
[Site "Kolkata"]
[Date "1993.??.??"]
[Round "5"]
[White "Kirov, Nino"]
[Black "Srikanth, G."]
[Result "1-0"]
[WhiteElo "2505"]
[BlackElo "2275"]
[PlyCount "49"]
[EventDate "1993.02.??"]
[EventType "swiss"]
[EventRounds "11"]
[EventCountry "IND"]
[SourceTitle "EXT 1998"]
[Source "ChessBase"]
[SourceDate "1997.11.17"]
[SourceVersion "1"]
[SourceVersionDate "1997.11.17"]
[SourceQuality "1"]

1. Nf3 f5 2. g3 Nf6 3. Bg2 g6 4. b3 Bg7 5. Bb2 d6 6. d4 0-0 7. 0-0 Qe8 8. c4 Na6 9. Nbd2 h6 10. Re1 g5 11. e4 fxe4 12. Nxe4 Nxe4 13. Rxe4 Bf5 14. Re3 Nb4 15. Ne1 Qf7 16. Qe2 Rae8 17. Bxb7 c6 18. a3 e6 19. axb4 Qxb7 20. Bc3 Qf7 21. Ra6 Rc8 22. Rf3 h5 23. Qa2 Rc7 24. Qa4 c5 25. Rxd6 1-0